Electrical Engineering Materials (Record no. 948)
[ view plain ]
| 000 -LEADER | |
|---|---|
| fixed length control field | 00319nam a2200133Ia 4500 |
| 008 - FIXED-LENGTH DATA ELEMENTS--GENERAL INFORMATION | |
| fixed length control field | 191201s1999 xx 000 0 und d |
| 082 ## - DEWEY DECIMAL CLASSIFICATION NUMBER | |
| Classification number | 621.31042 |
| Item number | DEE |
| 100 ## - MAIN ENTRY--PERSONAL NAME | |
| Personal name | DEKKER, A J |
| 245 #0 - TITLE STATEMENT | |
| Title | Electrical Engineering Materials |
| 260 ## - PUBLICATION, DISTRIBUTION, ETC. (IMPRINT) | |
| Place of publication, distribution, etc | N.Delhi |
| Name of publisher, distributor, etc | PHI |
| Date of publication, distribution, etc | 1999 |
| 300 ## - PHYSICAL DESCRIPTION | |
| Extent | 208 |
| 650 ## - SUBJECT ADDED ENTRY--TOPICAL TERM | |
| Topical term or geographic name as entry element | B.Tech(ECE) |
| 942 ## - ADDED ENTRY ELEMENTS (KOHA) | |
| Source of classification or shelving scheme | Dewey Decimal Classification |
| Koha item type | Text Books |
| Withdrawn status | Lost status | Source of classification or shelving scheme | Damaged status | Not for loan | Collection code | Home library | Current library | Date acquired | Source of acquisition | Cost, normal purchase price | Bill Number | Total Checkouts | Full call number | Acc. no. / Barcode | Date last seen | Bill Date | Koha item type |
|---|---|---|---|---|---|---|---|---|---|---|---|---|---|---|---|---|---|
| Dewey Decimal Classification | B.Tech(ECE) | PIET C-LIBRARY | PIET C-LIBRARY | 09/08/2005 | UDH, Delhi | 95.00 | CM 4732 | 621.31042 DEE | 811 | 04/12/2019 | 22/08/2005 | Text Books | |||||
| Dewey Decimal Classification | B.Tech(ECE) | PIET C-LIBRARY | PIET C-LIBRARY | 09/08/2005 | UDH, Delhi | 95.00 | CM 4732 | 621.31042 DEE | 812 | 04/12/2019 | 22/08/2005 | Text Books | |||||
| Dewey Decimal Classification | B.Tech(ECE) | PIET C-LIBRARY | PIET C-LIBRARY | 09/08/2005 | UDH, Delhi | 95.00 | CM 4732 | 621.31042 DEE | 813 | 04/12/2019 | 22/08/2005 | Text Books | |||||
| Dewey Decimal Classification | B.Tech(ECE) | PIET C-LIBRARY | PIET C-LIBRARY | 09/08/2005 | UDH, Delhi | 95.00 | CM 4732 | 621.31042 DEE | 814 | 04/12/2019 | 22/08/2005 | Text Books | |||||
| Dewey Decimal Classification | B.Tech(ECE) | PIET C-LIBRARY | PIET C-LIBRARY | 09/08/2005 | UDH, Delhi | 95.00 | CM 4732 | 621.31042 DEE | 815 | 04/12/2019 | 22/08/2005 | Text Books |